Loading...
| Mythology | 0 | 9 | 0 | 0 | 90 | 16 | 51.22 | 5 | 9 | 53.68 | 81.72 |
| Literature - British | 0 | 6 | 0 | 0 | 60 | 38 | 72.83 | 1 | 4 | 29.20 | 35.67 |
| Literature - European | 0 | 5 | 0 | 1 | 50 | 82 | 96.20 | 0 | 3 | 15.16 | 30.33 |
| Literature - American | 0 | 2 | 0 | 0 | 20 | 115 | 118.00 | 0 | 1 | 3.15 | 10.83 |
| Science - Chemistry | 0 | 2 | 0 | 0 | 20 | 76 | 79.00 | 0 | 0 | 6.84 | 8.00 |
| Science - Biology | 0 | 2 | 1 | 0 | 15 | 31 | 46.00 | 1 | 1 | 11.55 | 13.33 |
| Literature - World | 0 | 2 | 1 | 0 | 15 | 63 | 74.00 | 1 | 2 | 9.55 | 15.00 |
| Religion | 0 | 1 | 0 | 0 | 10 | 90 | 90.00 | 0 | 0 | 2.17 | 6.67 |
| Social Science | 0 | 1 | 0 | 1 | 10 | 108 | 108.00 | 0 | 0 | 0.00 | 1.00 |